01168cam a2200253 a 450000100090000000300040000900500170001300800410003001000170007102000150008804000180010304200100012104300120013105000180014324501810016126000310034230000230037350503270039665000220072365100420074565100470078771000450083473000350087915832079OSt20210414114237.0090724s2008 gh 000 0 eng  a 2009349818 a9988614314 aDLCcDLCdDLC alcode af-gh---00aJQ3036b.W38 00aWatching democracy in Ghana :ba compilation of articles published in Democracy watch, the official newsletter of the Ghana Centre for Democratic Development, from 1999-2007. / aAccra :bCDD-Ghana,c2008. ax, 307 p.:c26 cm. aContents: Governance: Rule of Law -- Judiciary -- Human rights -- Legislature -- Local government -- Transparency and Accountability: Corruption -- Media freedoms and Independence -- Gender: Corporate governance -- Elections -- National reconciliation and transitional justice -- Party politics -- Traditional authorities. 0aDemocracyzGhana. 0aGhanaxPolitics and governmenty2001- 0aGhanaxPolitics and governmenty1979-2001.2 aGhana Center for Democratic Development.0 aDemocracy watch (Accra, Ghana)